| 000 | 01566cam a22003011i 4500 | ||
|---|---|---|---|
| 003 | SA-RiAUC | ||
| 005 | 20241230154012.0 | ||
| 008 | 241230s2013 le f 000 0dara c | ||
| 040 |
_aOM-MuMAM _bara _cSA-RiAUC _erda |
||
| 082 | 0 | 4 |
_a251 _qSA-RiAUC |
| 090 |
_a251 _b ح ر ا |
||
| 100 | 1 |
_aالحرازي، المهدي محمد _eمؤلف. |
|
| 245 | 1 | 2 |
_aالاختيارات الأصولية للإمام ابن الأمير الصنعاني مع مقارنتها بآراء جمهورية الأصوليين / _cإعداد المهدي محمد يوسف عبد الرحمن الحرازي ؛ إشراف محمد محمد عبد اللطيف، محمد عبد العاطي. |
| 264 | 1 |
_aبيروت : _bدار البشائر الإسلامية، _c2013 |
|
| 300 |
_a5 مجلد (2581 صفحة ) ؛ _c24 × 17 سم |
||
| 336 |
_aنص _btxt _2rdacontent _3كتاب |
||
| 337 |
_aبدون وسيط _bn _2rdamedia |
||
| 338 |
_aمجلد _bnc _2rdacarrier |
||
| 500 | _aغلاف أبيض. | ||
| 500 | _aالأصل أطروحة (دكتوراه)-جامعة الأزهر، كلية الشريعة والقانون، 2007. | ||
| 563 | _aمجلد. | ||
| 600 | 1 | 7 |
_aالصنعاني، محمد بن إسماعيل بن صلاح، _d1099-1182 هجري _xآراء حول أصول الفقه الإسلامي _2aucnm |
| 650 | 7 |
_aأصول الفقه الإسلامي _2aucsh |
|
| 700 | 1 |
_aعبد اللطيف، محمد محمد، _d1949- _eمشرف. |
|
| 700 | 1 |
_aعبد العاطي، محمد _eمشرف. |
|
| 942 |
_2ddc _cBOOK _n0 |
||
| 949 |
_aSA-JeALM _d241230 _ueid123 _n1 |
||
| 999 |
_c4148 _d4148 |
||